[Event "4NCL Online Division 5"]
[Site "online"]
[Date "2021.04.20"]
[EventDate "2021.04.20"]
[Round "7.142"]
[White "Pert, Nina"]
[WhiteElo "1859"]
[WhiteTeam "Brentwood B"]
[Black "Morgan, Philip D"]
[BlackElo "1821"]
[BlackTeam "Ashfield Anonymous C"]
[Result "1/2-1/2"]
[PlyCount "83"]

1. e4 c5 2. Nf3 d6 3. d4 cxd4 4. Nxd4 Nf6 5. Nc3 a6 6. Bd3 Nc6 7. Nxc6 bxc6 8. O-O e5 9. Kh1 Be7 10. f4 exf4 11. Bxf4 O-O 12. Qf3 Bg4 13. Qe3 Nh5 14. h3 Nxf4 15. Qxf4 Be6 16. Rad1 Bf6 17. Qd2 Be5 18. a3 Qh4 19. Qe3 a5 20. Be2 Rfd8 21. Na4 Rab8 22. b3 Qg3 23. Qg1 c5 24. Rf3 Qh4 25. Rfd3 g6 26. Qf1 c4 27. bxc4 Bxc4 28. Rf3 Be6 29. Bc4 Bxc4 30. Qxc4 Rb7 31. Qd5 Rdb8 32. Nc5 Re7 33. Nd3 Bg7 34. Qxd6 Rbe8 35. Nc5 Qh5 36. Rdf1 Qe5 37. Qb6 Qc7 38. Na4 Qxc2 39. Qxa5 Qxe4 40. Nb6 Qb7 41. Nc4 Qc7 42. Qxc7 1/2-1/2

[Event "4NCL Online Division 5"]
[Site "online"]
[Date "2021.04.20"]
[EventDate "2021.04.20"]
[Round "7.143"]
[White "Pettinger, Martin"]
[WhiteElo "1730"]
[WhiteTeam "Ashfield Anonymous C"]
[Black "Willoughby, Christopher"]
[BlackElo "1727"]
[BlackTeam "Brentwood B"]
[Result "1-0"]
[PlyCount "49"]

1. e4 e5 2. Bc4 Nf6 3. d3 d6 4. Nc3 Be7 5. f4 Bg4 6. Nf3 exf4 7. Bxf4 Nh5 8. Be3 Nd7 9. d4 Bh4+ 10. g3 Qf6 11. Rf1 Nxg3 12. hxg3 Bxg3+ 13. Kd2 Nb6 14. Be2 Bf4 15. Bxf4 Qxf4+ 16. Kd3 c6 17. Qd2 Qf6 18. Ng5 Bxe2+ 19. Nxe2 Qg6 20. Qf4 f6 21. Ne6 Ke7 22. Rg1 Qh5 23. Rxg7+ Kxe6 24. d5+ cxd5 25. Nd4# 1-0

[Event "4NCL Online Division 5"]
[Site "online"]
[Date "2021.04.20"]
[EventDate "2021.04.20"]
[Round "7.144"]
[White "Willoughby, Andrew P"]
[WhiteElo "1722"]
[WhiteTeam "Brentwood B"]
[Black "Wright, Nigel"]
[BlackElo "1694"]
[BlackTeam "Ashfield Anonymous C"]
[Result "1-0"]
[PlyCount "63"]

1. e4 d6 2. d4 c6 3. Nf3 Qc7 4. Bd3 Bg4 5. Be3 Nd7 6. c3 Ngf6 7. Nbd2 h6 8. Nf1 e6 9. Ng3 Be7 10. Qd2 e5 11. h3 Be6 12. b3 a6 13. O-O exd4 14. Nxd4 Ne5 15. Ngf5 O-O 16. Bxh6 gxh6 17. Qxh6 Bxf5 18. Nxf5 Nh5 19. Qxh5 Bf6 20. Bc2 Ng6 21. Rad1 Bxc3 22. Rxd6 Rad8 23. Rfd1 Rxd6 24. Rxd6 Rd8 25. Rxd8+ Qxd8 26. Qf3 Be5 27. Nh6+ Kg7 28. Nxf7 Qa5 29. Nxe5 Qxe5 30. Qd1 Qg5 31. b4 Nf4 32. Qg4 1-0

[Event "4NCL Online Division 5"]
[Site "online"]
[Date "2021.04.20"]
[EventDate "2021.04.20"]
[Round "7.151"]
[White "Duncanson, Henry G"]
[WhiteElo "2177"]
[WhiteTeam "Broadland Falco Duboisi"]
[Black "Adriel, Au"]
[BlackElo "1506"]
[BlackTeam "Kent KJCA Kestrels E"]
[Result "1-0"]
[PlyCount "85"]

1. d4 d5 2. Nf3 Nf6 3. g3 Bf5 4. Bg2 e6 5. c4 c6 6. O-O h6 7. Bf4 dxc4 8. Ne5 Bd6 9. Nd2 Bxe5 10. dxe5 Nd5 11. Nxc4 O-O 12. Bd2 Bg6 13. e4 Nb6 14. Nd6 Qc7 15. f4 N8d7 16. Bc3 f5 17. Qb3 Nc5 18. Qb4 Nxe4 19. Bxe4 fxe4 20. Bd4 Bf5 21. Rac1 Kh8 22. a4 Rab8 23. Qb3 Nc8 24. Bc5 b6 25. Nxf5 Rxf5 26. Qxe6 Qf7 27. Qxf7 Rxf7 28. Ba3 c5 29. Rfd1 a5 30. Rd8+ Kh7 31. Rcd1 Rfb7 32. R1d7 Rxd7 33. Rxd7 b5 34. axb5 Rxb5 35. Rc7 Nb6 36. Rb7 a4 37. g4 Rb3 38. e6 Kg6 39. f5+ Kg5 40. e7 Kf4 41. e8=Q Kf3 42. Qb8 Rd3 43. Qg3+ 1-0

[Event "4NCL Online Division 5"]
[Site "online"]
[Date "2021.04.20"]
[EventDate "2021.04.20"]
[Round "7.152"]
[White "Mann, Lev"]
[WhiteElo "1496"]
[WhiteTeam "Kent KJCA Kestrels E"]
[Black "Frean, Daniel J"]
[BlackElo "2065"]
[BlackTeam "Broadland Falco Duboisi"]
[Result "0-1"]
[PlyCount "60"]

1. e4 d5 2. exd5 Qxd5 3. Nc3 Qd6 4. d4 Nf6 5. Nf3 c6 6. Bc4 Bg4 7. Be3 Nbd7 8. O-O e6 9. h3 Bxf3 10. Qxf3 Qc7 11. a3 Bd6 12. Rad1 O-O 13. Bg5 h6 14. Bh4 Nd5 15. Nxd5 cxd5 16. Bd3 Rfc8 17. Qh5 Qb6 18. Rfe1 Qxb2 19. Bh7+ Kxh7 20. Qxf7 Nf8 21. Rb1 Qxc2 22. Rxb7 Qg6 23. Qf3 Rcb8 24. Rf7 Rb1 25. Rf1 Rxf1+ 26. Kxf1 Qb1+ 27. Ke2 Rc8 28. Qd3+ Qxd3+ 29. Kxd3 Rc7 30. Rxc7 Bxc7 0-1

[Event "4NCL Online Division 5"]
[Site "online"]
[Date "2021.04.20"]
[EventDate "2021.04.20"]
[Round "7.153"]
[White "Badger, Paul"]
[WhiteElo "1762"]
[WhiteTeam "Broadland Falco Duboisi"]
[Black "Sagar, Aneesh"]
[BlackElo "1516"]
[BlackTeam "Kent KJCA Kestrels E"]
[Result "1-0"]
[PlyCount "75"]

1. e4 e5 2. f4 exf4 3. Nf3 d5 4. exd5 Qxd5 5. Nc3 Qd8 6. d4 Nf6 7. Bxf4 Bb4 8. a3 Bxc3+ 9. bxc3 O-O 10. Be2 Nd5 11. Bd2 Bg4 12. O-O c5 13. Ne5 Bxe2 14. Qxe2 Re8 15. Qf3 Nf6 16. Qxb7 Nbd7 17. Nxd7 Nxd7 18. Qf3 Nf6 19. Bg5 Re6 20. Bxf6 Rxf6 21. Qh5 cxd4 22. Rxf6 Qxf6 23. Rf1 Qe6 24. cxd4 Rd8 25. c3 Rc8 26. Qf3 h6 27. d5 Qd7 28. h3 Rd8 29. c4 Qc7 30. Qf4 Qe7 31. Kh1 Rd6 32. Qd4 Rg6 33. c5 Qe2 34. Qf2 Qe7 35. d6 Qe8 36. Re1 Qb5 37. Qe2 Qxc5 38. d7 1-0

[Event "4NCL Online Division 5"]
[Site "online"]
[Date "2021.04.20"]
[EventDate "2021.04.20"]
[Round "7.154"]
[White "Oprea, Danny"]
[WhiteElo "1383"]
[WhiteTeam "Kent KJCA Kestrels E"]
[Black "Stephanides, Costakis"]
[BlackElo "1263"]
[BlackTeam "Broadland Falco Duboisi"]
[Result "0-1"]
[PlyCount "84"]

1. c4 c5 2. g3 Nf6 3. Bg2 g6 4. Nc3 Bg7 5. Nf3 O-O 6. O-O Nc6 7. d4 cxd4 8. Nxd4 Ng4 9. Nxc6 bxc6 10. h3 Nf6 11. Bg5 Rb8 12. Rb1 d6 13. Qd2 Bf5 14. e4 Bd7 15. Bh6 Bxh6 16. Qxh6 Be6 17. b3 Qb6 18. Qd2 Rfd8 19. Qe2 Qa5 20. Nd1 d5 21. cxd5 cxd5 22. e5 Ne4 23. Rb2 Qc7 24. Kh2 Qxe5 25. Bxe4 dxe4 26. Re1 f5 27. f3 Rb4 28. Rc2 f4 29. g4 e3 30. Nf2 Qf6 31. Ne4 Qh4 32. Rg1 h5 33. Qg2 hxg4 34. fxg4 Bd5 35. Rc4 Rxc4 36. bxc4 Bxc4 37. Qc2 Bd3 38. Qb3+ Kf8 39. Nc5 Bc4 40. Qxc4 Rd2+ 41. Rg2 Qg3+ 42. Kh1 Qxg2# 0-1

[Event "4NCL Online Division 5"]
[Site "online"]
[Date "2021.04.20"]
[EventDate "2021.04.20"]
[Round "7.161"]
[White "Borwell, Alan P"]
[WhiteElo "1950"]
[WhiteTeam "Dundee City B"]
[Black "Smith, Mark"]
[BlackElo "1751"]
[BlackTeam "Shropshire 4"]
[Result "0-1"]
[PlyCount "90"]

1. e4 e5 2. Nf3 Nc6 3. c3 Nf6 4. d4 d5 5. exd5 Qxd5 6. c4 Qe4+ 7. Be3 exd4 8. Bd3 Qe7 9. Nxd4 Nxd4 10. O-O Ne6 11. Nc3 Qd7 12. Qe2 Be7 13. Rad1 Qc6 14. Nd5 a6 15. f4 Nxd5 16. cxd5 Qxd5 17. f5 Nd4 18. Bxd4 Qxd4+ 19. Kh1 Qf6 20. Rfe1 Bd7 21. Be4 O-O-O 22. Qf3 Qb6 23. Rd3 c6 24. Rb3 Qa5 25. Rc1 Bg5 26. Bxc6 bxc6 27. Qg3 Qc7 28. Qxg5 Rhg8 29. Ra3 a5 30. Qg4 g6 31. Qf3 gxf5 32. Rac3 Rg6 33. Qe2 Rdg8 34. g3 f4 35. Qa6+ Qb7 36. Qxa5 fxg3 37. hxg3 Rxg3 38. Rxg3 Rxg3 39. Kh2 Rh3+ 40. Kg1 Qb8 41. Qa6+ Kd8 42. Qa5+ Ke8 43. Re1+ Be6 44. Qd2 Qg3+ 45. Qg2 Qxe1+ 0-1

[Event "4NCL Online Division 5"]
[Site "online"]
[Date "2021.04.20"]
[EventDate "2021.04.20"]
[Round "7.162"]
[White "Maydew, Simon"]
[WhiteElo "1743"]
[WhiteTeam "Shropshire 4"]
[Black "Kynoch, Richard"]
[BlackElo "1873"]
[BlackTeam "Dundee City B"]
[Result "1-0"]
[PlyCount "73"]

1. d4 d5 2. Nf3 Nf6 3. e3 c5 4. dxc5 Nc6 5. c3 a5 6. Bb5 Bd7 7. a4 e6 8. b4 axb4 9. Bxc6 Bxc6 10. cxb4 b6 11. Bb2 bxc5 12. b5 Bb7 13. Nbd2 Bd6 14. O-O Qc7 15. Qc2 O-O 16. Rfe1 Ne4 17. Nxe4 dxe4 18. Nd2 Bxh2+ 19. Kh1 Be5 20. Bxe5 Qxe5 21. Nc4 Qh5+ 22. Kg1 f5 23. Qd1 Qh4 24. Qd6 Bd5 25. Nb6 Rad8 26. Qxc5 Rf6 27. Qe7 Rdf8 28. Nd7 R8f7 29. Nxf6+ gxf6 30. Qe8+ Rf8 31. Qe7 Rf7 32. Qd6 Rg7 33. Rec1 Qg4 34. Rc8+ Kf7 35. Rc7+ Kg6 36. Rxg7+ Kxg7 37. Qg3 1-0

[Event "4NCL Online Division 5"]
[Site "online"]
[Date "2021.04.20"]
[EventDate "2021.04.20"]
[Round "7.163"]
[White "Dawson, Euan"]
[WhiteElo "1833"]
[WhiteTeam "Dundee City B"]
[Black "Lockett, Daniel"]
[BlackElo "1743"]
[BlackTeam "Shropshire 4"]
[Result "1-0"]
[PlyCount "55"]

1. e4 d6 2. Nc3 g6 3. g3 Bg7 4. Bg2 Nf6 5. Nge2 O-O 6. O-O e5 7. d3 Bd7 8. h3 c6 9. f4 Qc8 10. Kh2 Ne8 11. d4 f5 12. dxe5 dxe5 13. fxe5 Bxe5 14. Bf4 Bxf4 15. Nxf4 Nf6 16. e5 g5 17. Nd3 Ne4 18. Bxe4 fxe4 19. Nxe4 Bxh3 20. Rxf8+ Kxf8 21. Qh5 g4 22. Qh6+ Kg8 23. Nf6+ Kf7 24. Qxh7+ Ke6 25. Nf4+ Kxe5 26. Qe7+ Kd4 27. Rd1+ Kc4 28. Ne4 1-0

[Event "4NCL Online Division 5"]
[Site "online"]
[Date "2021.04.20"]
[EventDate "2021.04.20"]
[Round "7.164"]
[White "Wilkinson, James P"]
[WhiteElo "1660"]
[WhiteTeam "Shropshire 4"]
[Black "Babin, Andre"]
[BlackElo "1829"]
[BlackTeam "Dundee City B"]
[Result "0-1"]
[PlyCount "94"]

1. d4 c5 2. d5 e5 3. c4 d6 4. Nc3 Be7 5. e4 Nf6 6. h3 Nbd7 7. Nf3 Nf8 8. Bd3 Ng6 9. a4 O-O 10. Ne2 Ne8 11. Be3 f5 12. exf5 Bxf5 13. Bxf5 Rxf5 14. Ng3 Rf8 15. Ne4 Nf4 16. O-O Qd7 17. Bxf4 Rxf4 18. Neg5 Qf5 19. Ne6 Rxc4 20. Qe2 Rb4 21. Rfe1 e4 22. Nd2 Qxd5 23. Nf4 Qe5 24. Qe3 Bg5 25. g3 Nf6 26. Qc3 Bxf4 27. gxf4 Qxf4 28. Qe3 Qxe3 29. fxe3 d5 30. b3 c4 31. bxc4 dxc4 32. Rec1 Rc8 33. Ra3 Kf7 34. Nb1 Ke6 35. Nc3 Rd8 36. Rc2 Rd3 37. Kf2 Nd5 38. Nxd5 Kxd5 39. Raa2 Rbb3 40. Re2 Kc5 41. Ra1 Ra3 42. Raa2 Rxa2 43. Rxa2 c3 44. Ke2 Rd2+ 45. Rxd2 cxd2 46. Kxd2 Kc4 47. Kc2 g5 0-1

[Event "4NCL Online Div 5 Playoff"]
[Site "online"]
[Date "2021.05.04"]
[EventDate "2021.05.04"]
[Round "8.11"]
[White "Mooney, David Paul"]
[WhiteElo "2181"]
[WhiteTeam "Chessable White Rose 3"]
[Black "Zhang, Zheming"]
[BlackElo "2092"]
[BlackTeam "Forest Hall Juniors"]
[Result "1-0"]
[PlyCount "61"]

1. e4 e6 2. d4 d5 3. Nd2 Nf6 4. e5 Nfd7 5. Bd3 c5 6. c3 Nc6 7. Ne2 cxd4 8. cxd4 f6 9. exf6 Nxf6 10. Nf3 Bd6 11. O-O Qc7 12. g3 O-O 13. Bf4 Bd7 14. Rc1 Bxf4 15. Nxf4 Qd6 16. Re1 Rae8 17. Ne5 Re7 18. Bb1 Be8 19. Qd2 Nd8 20. Qa5 b6 21. Qa3 Qxa3 22. bxa3 Bf7 23. Rc8 Nd7 24. Nxd7 Rxd7 25. Rec1 g5 26. Nd3 Re7 27. Ne5 Bh5 28. g4 Bf7 29. R1c7 Rxc7 30. Rxc7 h5 31. Nd7 1-0

[Event "4NCL Online Div 5 Playoff"]
[Site "online"]
[Date "2021.05.04"]
[EventDate "2021.05.04"]
[Round "8.12"]
[White "French, Morgan"]
[WhiteElo "1662"]
[WhiteTeam "Forest Hall Juniors"]
[Black "Arnott, Jonathan W"]
[BlackTitle "CM"]
[BlackElo "2092"]
[BlackTeam "Chessable White Rose 3"]
[Result "0-1"]
[PlyCount "60"]

1. d4 d5 2. c4 e5 3. dxe5 d4 4. Nf3 Nc6 5. Nbd2 Nh6 6. Nb3 Bb4+ 7. Bd2 Nf5 8. Bxb4 Nxb4 9. a3 Nc6 10. g3 Be6 11. Rc1 Qe7 12. Bg2 O-O 13. O-O Rfd8 14. Qc2 a5 15. Rfd1 a4 16. Nbd2 d3 17. exd3 Nfd4 18. Nxd4 Nxd4 19. Qb1 Ne2+ 20. Kh1 Bf5 21. Ne4 Nxc1 22. Rxc1 Qxe5 23. Qc2 Qd4 24. Rd1 Ra6 25. h4 Re6 26. f3 Bxe4 27. fxe4 Rg6 28. Kh2 Qe3 29. Rf1 Qxg3+ 30. Kg1 Qxd3 0-1

[Event "4NCL Online Div 5 Playoff"]
[Site "online"]
[Date "2021.05.04"]
[EventDate "2021.05.04"]
[Round "8.13"]
[White "Clarke, Connor"]
[WhiteElo "1953"]
[WhiteTeam "Chessable White Rose 3"]
[Black "Johnston, Alexander"]
[BlackElo "1593"]
[BlackTeam "Forest Hall Juniors"]
[Result "1-0"]
[PlyCount "77"]

1. d4 Nf6 2. Bg5 g6 3. Bxf6 exf6 4. e3 Bg7 5. g3 c6 6. Bg2 d5 7. Ne2 Bg4 8. Nd2 Nd7 9. b3 O-O 10. O-O Bxe2 11. Qxe2 f5 12. Rab1 Re8 13. c4 Nf6 14. c5 Ne4 15. Rfc1 Qc7 16. b4 b5 17. Nxe4 fxe4 18. a4 a6 19. Ra1 Ra7 20. Rc2 Rb8 21. Rca2 a5 22. axb5 Rxb5 23. Qd2 Rab7 24. bxa5 Qb8 25. a6 Ra7 26. Bf1 Rb4 27. Rc1 h5 28. Rcc2 h4 29. Rcb2 Rxb2 30. Rxb2 Qc7 31. Qb4 hxg3 32. hxg3 Bf6 33. Qb8+ Qxb8 34. Rxb8+ Kg7 35. Rb7 Ra8 36. Rc7 g5 37. Rxc6 Be7 38. Rc7 Bf8 39. Rd7 1-0

[Event "4NCL Online Div 5 Playoff"]
[Site "online"]
[Date "2021.05.04"]
[EventDate "2021.05.04"]
[Round "8.14"]
[White "Amoako Philip Selikem Yao"]
[WhiteElo "1453"]
[WhiteTeam "Forest Hall Juniors"]
[Black "Busuioc, Alexandra"]
[BlackElo "1953"]
[BlackTeam "Chessable White Rose 3"]
[Result "1/2-1/2"]
[PlyCount "76"]

1. e4 c5 2. Nc3 Nc6 3. g3 Nf6 4. Bg2 g6 5. d3 Bg7 6. Nge2 O-O 7. O-O e6 8. Be3 b6 9. h3 d5 10. exd5 Nxd5 11. Nxd5 exd5 12. d4 c4 13. Qd2 Re8 14. Rfe1 Be6 15. Nf4 b5 16. c3 a5 17. a3 Ne7 18. Nxe6 fxe6 19. Bh6 Nf5 20. Bxg7 Kxg7 21. Re5 Qf6 22. Rae1 Kf7 23. Qe2 Ng7 24. Re3 Kg8 25. Qf3 Qxf3 26. Bxf3 b4 27. axb4 axb4 28. Bg4 Kf7 29. h4 Ra2 30. R1e2 bxc3 31. bxc3 Rxe2 32. Rxe2 h5 33. Bf3 Rb8 34. Kf1 Rb1+ 35. Re1 Rb2 36. Re2 Rb1+ 37. Re1 Rb2 38. Re2 Rb1+ 1/2-1/2

[Event "4NCL Online Div 5 Playoff"]
[Site "online"]
[Date "2021.05.04"]
[EventDate "2021.05.04"]
[Round "8.21"]
[White "Murphy, Conor E"]
[WhiteTitle "FM"]
[WhiteElo "2396"]
[WhiteTeam "Charlton Cobras A"]
[Black "Duncanson, Henry G"]
[BlackElo "2177"]
[BlackTeam "Broadland Falco Duboisi"]
[Result "1-0"]
[PlyCount "95"]

1. e4 e5 2. Nf3 Nc6 3. Bc4 Nf6 4. d3 Be7 5. O-O O-O 6. Re1 d6 7. a4 Bg4 8. h3 Bh5 9. c3 d5 10. exd5 Nxd5 11. a5 Qd6 12. Nbd2 Rad8 13. Ne4 Qg6 14. Ng3 Nf4 15. Bxf4 exf4 16. Nxh5 Qxh5 17. Qb3 Rd6 18. Qxb7 Rg6 19. Kf1 Bd8 20. Qb5 Qxb5 21. Bxb5 Nxa5 22. Rxa5 c6 23. Rxa7 cxb5 24. Ne5 Re6 25. Rb7 f6 26. Nf3 Rb6 27. Ree7 Bxe7 28. Rxb6 b4 29. cxb4 Ra8 30. Nd2 Ra4 31. b5 Rb4 32. Nc4 Bc5 33. Rb8+ Kf7 34. b6 Bd4 35. b7 Be5 36. Nxe5+ fxe5 37. Ke2 Rxb2+ 38. Kf3 Rb4 39. Kg4 Kg6 40. h4 h5+ 41. Kf3 Kf7 42. Ke2 Rb6 43. Kd2 Rb5 44. Kc3 Rb1 45. Kc4 Rb2 46. Kd5 Rb3 47. Kxe5 Rb4 48. f3 1-0

[Event "4NCL Online Div 5 Playoff"]
[Site "online"]
[Date "2021.05.04"]
[EventDate "2021.05.04"]
[Round "8.22"]
[White "Frean, Daniel J"]
[WhiteElo "2065"]
[WhiteTeam "Broadland Falco Duboisi"]
[Black "Clark, Gary M"]
[BlackElo "2278"]
[BlackTeam "Charlton Cobras A"]
[Result "0-1"]
[PlyCount "76"]

1. d4 Nf6 2. c4 g6 3. Nc3 d5 4. cxd5 Nxd5 5. e4 Nxc3 6. bxc3 Bg7 7. Bg5 c5 8. Rc1 O-O 9. Nf3 Bg4 10. d5 Qd6 11. Be2 Nd7 12. O-O f5 13. h3 Bxf3 14. Bxf3 Ne5 15. g3 Nxf3+ 16. Qxf3 fxe4 17. Qxe4 Rf5 18. Bf4 Qxd5 19. Qxe7 b6 20. c4 Qf7 21. Rfe1 Bd4 22. h4 Rxf4 23. gxf4 Qxf4 24. Rc2 Rf8 25. Ree2 Qg3+ 26. Kf1 Qh3+ 27. Kg1 Qg3+ 28. Kf1 Qh2 29. Qe4 Kg7 30. Rcd2 Rf7 31. Rxd4 cxd4 32. Qxd4+ Kh6 33. Re4 Rxf2+ 34. Qxf2 Qh1+ 35. Qg1 Qxe4 36. Qg5+ Kg7 37. h5 Qf5+ 38. Qxf5 gxf5 0-1

[Event "4NCL Online Div 5 Playoff"]
[Site "online"]
[Date "2021.05.04"]
[EventDate "2021.05.04"]
[Round "8.23"]
[White "Stebbings, Anthony J"]
[WhiteTitle "FM"]
[WhiteElo "2240"]
[WhiteTeam "Charlton Cobras A"]
[Black "Badger, Paul"]
[BlackElo "1762"]
[BlackTeam "Broadland Falco Duboisi"]
[Result "1-0"]
[PlyCount "47"]

1. e4 c5 2. Nf3 d6 3. d4 cxd4 4. Nxd4 Nf6 5. Nc3 a6 6. f4 Qc7 7. Nf3 Nc6 8. Bd3 e6 9. O-O Be7 10. Qe1 O-O 11. Kh1 Nb4 12. Be3 Nxd3 13. cxd3 Bd7 14. Rc1 Qa5 15. Nd5 Qd8 16. Bb6 Qe8 17. Nc7 Qb8 18. Nxa8 Qxa8 19. Nd4 Bd8 20. Qa5 Bxb6 21. Qxb6 Rc8 22. Qxd6 Rxc1 23. Rxc1 h6 24. e5 1-0

[Event "4NCL Online Div 5 Playoff"]
[Site "online"]
[Date "2021.05.18"]
[EventDate "2021.05.18"]
[Round "9.11"]
[White "Mooney, David Paul"]
[WhiteElo "2181"]
[WhiteTeam "Chessable White Rose 3"]
[Black "Murphy, Conor E"]
[BlackTitle "FM"]
[BlackElo "2396"]
[BlackTeam "Charlton Cobras A"]
[Result "1/2-1/2"]
[PlyCount "64"]

1. e4 e5 2. Bc4 Nf6 3. d3 Nc6 4. Nc3 Bc5 5. f4 d6 6. Nf3 exf4 7. Bxf4 O-O 8. Bg5 h6 9. Bh4 Bg4 10. Nd5 g5 11. Bf2 Bxf2+ 12. Kxf2 Ne5 13. Bb3 Nxd5 14. Bxd5 c6 15. Bb3 Qf6 16. h3 Bxf3 17. gxf3 Qf4 18. Qe2 Kg7 19. Qe3 Qh4+ 20. Ke2 f5 21. Raf1 fxe4 22. fxe4 Qh5+ 23. Kd2 Rf3 24. Rxf3 Nxf3+ 25. Kc1 g4 26. Qf4 gxh3 27. Rxh3 Qxh3 28. Qf7+ Kh8 29. Qf6+ Kh7 30. Qf7+ Kh8 31. Qf6+ Kh7 32. Qf7+ Kh8 1/2-1/2

[Event "4NCL Online Div 5 Playoff"]
[Site "online"]
[Date "2021.05.18"]
[EventDate "2021.05.18"]
[Round "9.12"]
[White "Clark, Gary M"]
[WhiteElo "2278"]
[WhiteTeam "Charlton Cobras A"]
[Black "Arnott, Jonathan W"]
[BlackTitle "CM"]
[BlackElo "2092"]
[BlackTeam "Chessable White Rose 3"]
[Result "1-0"]
[PlyCount "81"]

1. d4 d5 2. c4 e6 3. Nf3 dxc4 4. g3 c5 5. Bg2 Nc6 6. Qa4 cxd4 7. Nxd4 Qxd4 8. Bxc6+ Bd7 9. Be3 Qd6 10. Bxd7+ Qxd7 11. Qxc4 Rc8 12. Qb3 Bc5 13. O-O Bxe3 14. Qxe3 Nf6 15. Qxa7 Qb5 16. Nc3 Qxb2 17. Qa4+ Kf8 18. Ne4 Nxe4 19. Qxe4 Rc7 20. Rab1 Qa3 21. Rxb7 Rxb7 22. Qxb7 g6 23. Qb8+ Kg7 24. Qe5+ f6 25. Qxe6 Ra8 26. Rd1 Ra7 27. Rd7+ Rxd7 28. Qxd7+ Kh6 29. Qe6 Kg7 30. Kg2 h5 31. h4 f5 32. Qd5 Kf6 33. Qb3 Qa8+ 34. Kg1 Qa5 35. e3 f4 36. exf4 Qe1+ 37. Kg2 Qe4+ 38. Kh2 Kf5 39. a4 Qd4 40. Qf7+ Kg4 41. Qe6+ 1-0

[Event "4NCL Online Div 5 Playoff"]
[Site "online"]
[Date "2021.05.18"]
[EventDate "2021.05.18"]
[Round "9.13"]
[White "Clarke, Connor"]
[WhiteElo "1953"]
[WhiteTeam "Chessable White Rose 3"]
[Black "Stebbings, Anthony J"]
[BlackTitle "FM"]
[BlackElo "2240"]
[BlackTeam "Charlton Cobras A"]
[Result "0-1"]
[PlyCount "42"]

1. d4 Nf6 2. Bg5 c5 3. d5 Ne4 4. h4 d6 5. Nd2 Nxg5 6. hxg5 e6 7. dxe6 Bxe6 8. g6 fxg6 9. e3 Nc6 10. f4 Be7 11. Bd3 Bh4+ 12. Kf1 O-O 13. Ngf3 Bf6 14. Ne4 Nb4 15. c3 Nxd3 16. Qxd3 Qe7 17. Nxd6 Rad8 18. Rd1 Bxa2 19. Ke1 Qe6 20. Ng5 Bxg5 21. fxg5 Rxd6 0-1

[Event "4NCL Online Div 5 Playoff"]
[Site "online"]
[Date "2021.05.18"]
[EventDate "2021.05.18"]
[Round "9.14"]
[White "Morris, David"]
[WhiteElo "1930"]
[WhiteTeam "Charlton Cobras A"]
[Black "Parkhouse, Max"]
[BlackElo "1880"]
[BlackTeam "Chessable White Rose 3"]
[Result "1/2-1/2"]
[PlyCount "136"]

1. e4 e6 2. d3 d5 3. Nd2 Nf6 4. Ngf3 c5 5. g3 Nc6 6. Bg2 Be7 7. O-O O-O 8. Re1 b5 9. e5 Nd7 10. Nf1 a5 11. a3 a4 12. h4 Bb7 13. N1h2 Qc7 14. Bf4 Rfd8 15. h5 h6 16. Ng4 Kh7 17. Qd2 Bf8 18. c3 Ne7 19. Nh4 d4 20. Nf6+ Kh8 21. cxd4 Bxg2 22. Nxg2 Qb7 23. Nxd7 Qxd7 24. dxc5 Qxd3 25. Qxd3 Rxd3 26. Red1 Rad8 27. Rxd3 Rxd3 28. Rc1 Nc6 29. Be3 Be7 30. f4 Kg8 31. Kf1 Kf8 32. Ke2 Rd5 33. Rd1 Rxd1 34. Kxd1 Ke8 35. Kc2 Kd7 36. Ne1 Nb8 37. b4 axb3+ 38. Kxb3 Na6 39. Nd3 Kc6 40. Nb4+ Nxb4 41. axb4 Bd8 42. Kc3 Be7 43. Kd4 Bd8 44. g4 f6 45. f5 exf5 46. gxf5 fxe5+ 47. Kxe5 Bf6+ 48. Ke6 Bc3 49. Kf7 Kd7 50. f6 gxf6 51. Bxh6 f5 52. Bg7 Bxg7 53. Kxg7 f4 54. h6 f3 55. h7 f2 56. h8=Q f1=Q 57. Qh6 Qg2+ 58. Qg6 Qb2+ 59. Kf7 Qb3+ 60. Kf8 Qxb4 61. Qd6+ Kc8 62. Ke8 Qe4+ 63. Kf7 Qf5+ 64. Ke7 Qe4+ 65. Kf8 Qf5+ 66. Ke8 Qe4+ 67. Kf7 Qf5+ 68. Ke8 Qe4+ 1/2-1/2

[Event "4NCL Online Division 6"]
[Site "online"]
[Date "2021.01.26"]
[Round "1.11"]
[White "Khan, Samir"]
[Black "Gardner, Phillip K"]
[Result "1-0"]
[WhiteElo "1664"]
[BlackElo "1891"]
[PlyCount "85"]
[EventDate "2021.01.26"]
[WhiteTeam "MCS Oxford B"]
[BlackTeam "Deaf England"]

1. e4 c5 2. Nf3 d6 3. d4 cxd4 4. Nxd4 Nf6 5. Nc3 a6 6. Be2 e5 7. Nb3 Be7 8. O-O
O-O 9. Be3 Be6 10. Nd5 Nbd7 11. Qd3 Bxd5 12. exd5 Nc5 13. Nxc5 dxc5 14. Rad1
Bd6 15. Qb3 Qc7 16. c4 e4 17. h3 Rae8 18. Rde1 Nd7 19. Qc3 f5 20. f4 exf3 21.
Bxf3 Nf6 22. Bg5 Be5 23. Qc1 Qd6 24. b3 Nd7 25. Qd2 h6 26. Be3 b6 27. Bf2 Qf6
28. Re2 g5 29. Bh5 Re7 30. Qd3 Qd6 31. Rfe1 Rf6 32. Bg3 Bxg3 33. Rxe7 Bxe1 34.
Rxe1 Kg7 35. Re8 Rf8 36. Re6 Qf4 37. Re7+ Kf6 38. Rxd7 Qc1+ 39. Bd1 Qf4 40. Rb7
Re8 41. Rxb6+ Kg7 42. Qc3+ Kg8 43. Rg6+ 1-0

[Event "4NCL Online Division 6"]
[Site "online"]
[Date "2021.01.26"]
[Round "1.12"]
[White "MacLeod, Alasdair"]
[Black "Turner, Ben"]
[Result "1-0"]
[WhiteElo "1818"]
[BlackElo "1591"]
[PlyCount "61"]
[EventDate "2021.01.26"]
[WhiteTeam "Deaf England"]
[BlackTeam "MCS Oxford B"]

1. e4 c5 2. Nf3 d6 3. d4 cxd4 4. Nxd4 Nc6 5. Nc3 g6 6. Be3 Bg7 7. Qd2 Nf6 8. f3
O-O 9. Bc4 a6 10. O-O-O b5 11. Nxc6 Qc7 12. Nxe7+ Qxe7 13. Bb3 Rd8 14. Nd5 Nxd5
15. Bxd5 Rb8 16. Bd4 Bxd4 17. Qxd4 Qg5+ 18. Qd2 Qe5 19. f4 Qe7 20. h3 Bb7 21.
Rhe1 Rbc8 22. g4 Rxc2+ 23. Kxc2 Re8 24. g5 Rc8+ 25. Kb1 Bxd5 26. Qxd5 Qd7 27.
f5 Kg7 28. f6+ Kg8 29. Qxd6 Qxh3 30. Qd8+ Rxd8 31. Rxd8# 1-0

[Event "4NCL Online Division 6"]
[Site "online"]
[Date "2021.01.26"]
[Round "1.13"]
[White "Li, Reya"]
[Black "Dwek, Ilan G"]
[Result "1/2-1/2"]
[WhiteElo "1462"]
[BlackElo "1665"]
[PlyCount "128"]
[EventDate "2021.01.26"]
[WhiteTeam "MCS Oxford B"]
[BlackTeam "Deaf England"]

1. e4 c6 2. d4 d5 3. exd5 cxd5 4. c4 e6 5. Nf3 Nc6 6. Nc3 Nf6 7. Bf4 Bb4 8. Bd3
O-O 9. O-O h6 10. a3 Bxc3 11. bxc3 Ne4 12. Bxe4 dxe4 13. Ne5 Nxe5 14. Bxe5 f6
15. Bg3 b6 16. Re1 f5 17. h3 Bb7 18. Rb1 Rc8 19. c5 Bd5 20. cxb6 axb6 21. Qd2
Bc4 22. Qe3 b5 23. f3 exf3 24. Qxf3 Ra8 25. Qc6 Qd5 26. Qc5 Qxc5 27. dxc5 Rfc8
28. Bd6 Rxa3 29. Be5 Ra2 30. Bd4 Kf7 31. Ra1 Rca8 32. Rxa2 Rxa2 33. c6 Ra8 34.
c7 Rc8 35. Be5 Ke7 36. Ra1 g6 37. Ra6 b4 38. Rb6 bxc3 39. Rc6 Bd5 40. Rxc3 Kd7
41. Rc2 g5 42. Kf2 h5 43. Rb2 Rxc7 44. Bxc7 Kxc7 45. Rb4 Kd6 46. g4 hxg4 47.
hxg4 fxg4 48. Rxg4 Ke5 49. Rxg5+ Kf4 50. Rg7 Ke4 51. Ra7 Kf4 52. Ra4+ Kf5 53.
Ke3 Ke5 54. Rh4 Kf5 55. Rh5+ Kg6 56. Re5 Kf6 57. Kd4 Kf7 58. Kc5 Kf6 59. Kd6
Ba2 60. Re2 Bd5 61. Rf2+ Kg6 62. Ke5 Kg5 63. Kd6 Kg6 64. Ke7 Kg5 1/2-1/2

[Event "4NCL Online Division 6"]
[Site "online"]
[Date "2021.01.26"]
[Round "1.14"]
[White "Hunter, Gary"]
[Black "Bridson, Ewan"]
[Result "1/2-1/2"]
[WhiteElo "1498"]
[BlackElo "1454"]
[PlyCount "82"]
[EventDate "2021.01.26"]
[WhiteTeam "Deaf England"]
[BlackTeam "MCS Oxford B"]

1. d4 Nf6 2. Nf3 e6 3. Bg5 h6 4. Bh4 Nc6 5. e3 Be7 6. Nbd2 O-O 7. c3 d5 8. Bd3
Bd7 9. O-O Ng4 10. Bxe7 Qxe7 11. h3 Nf6 12. Ne5 Rfe8 13. Ndf3 Ne4 14. Qc2 Nxe5
15. Nxe5 Nd6 16. f4 Bb5 17. Rf3 Bxd3 18. Qxd3 Ne4 19. f5 h5 20. fxe6 f6 21. Ng6
Qxe6 22. Nf4 Qf7 23. Qb5 c6 24. Qe2 h4 25. Nd3 g5 26. Nc5 b6 27. Nxe4 dxe4 28.
Rf5 Kg7 29. Qg4 Kg6 30. Raf1 Re6 31. Rxg5+ fxg5 32. Rxf7 Kxf7 33. Qxg5 Rh8 34.
Qf5+ Ke7 35. d5 cxd5 36. Qxd5 Rd8 37. Qg5+ Rf6 38. Qg7+ Rf7 39. Qg5+ Rf6 40.
Qg7+ Rf7 41. Qg5+ Rf6 1/2-1/2